000 00536nam a2200181 i 4500
001 150104
003 ES-MaACL
005 20250824004927.0
007 t|
008 071026s1969 sp ||||1| spa d
100 1 _aValls Gorina, Manuel.
_9112941
245 1 0 _aHistoria de la música catalana /
_cManuel Gorina Valls.
260 _aBarcelona :
_bTaber,
_c[1969]
300 _a218 p., 14 h. :
_bil. ;
_c22 cm.
650 1 4 _aMúsica-
_zCataluña
_915379
852 _aES-MaACL
_jC-38453
_bR.72254
999 _c150104
_d150104